| 000 | 01014nam a22002657a 4500 | ||
|---|---|---|---|
| 999 |
_c63997 _d63997 |
||
| 005 | 20240530110709.0 | ||
| 008 | 180121s2014 ua a g b 000 0dara d | ||
| 017 |
_a2014/2300 _bمصر. دار الكتب |
||
| 020 | _a9789774312105 | ||
| 040 |
_aEG-CaGPL _cEG-CaGPL |
||
| 082 | 0 | 4 |
_221 _a693.8\ _bم م |
| 100 | 0 | _aمحمد بكير مصطفى | |
| 245 | 1 | 0 |
_aموسوعة اسس البناء والعمارة / _cاعداد محمد بكير مصطفى . |
| 250 | _aط.1 | ||
| 260 |
_aالقاهرة : _bمؤسسة طيبة للنشر والتوزيع، _c2014 . |
||
| 300 |
_a407 ص. : _bايض ؛ _c24 سم. |
||
| 650 | 0 | 7 |
_2qrmak _aالعمارة _vموسوعات _xتاريخ |
| 650 | 0 | 7 |
_2qrmak _aالعمارة المصرية القديمة |
| 650 | 0 | 7 |
_2qrmak _aالعمارة الاغريقية |
| 650 | 0 | 7 |
_2qrmak _aالخرسانة |
| 650 | 0 | 7 |
_2qrmak _aالخرسانة المقاومة للحرارة |
| 651 | _2qrmak | ||
| 942 |
_2ddc _cBK |
||